Metallurgy /

Guardado en:
Bibliografiske detaljer
Hovedforfatter: Johnson, Carl G. (autor)
Andre forfattere: Weeks, William R.
Format: Bog
Sprog:engelsk
Udgivet: Chicago, EUA : American Technical Society, 1956, c1956
Udgivelse:4a edición
Fag:
Tags: Tilføj Tag
Ingen Tags, Vær først til at tagge denne postø!

MARC

LEADER 00000nam^a2200000^a^4500
001 000068594
005 20250521000000.0
009 20260310091335.299
037 |a Acervo ITESO - Biblioteca 
041 |a ING 
082 |a 669.  |b JOH 
100 |a Johnson, Carl G.  |e (autor) 
245 1 0 |a Metallurgy /  |c C.G. Johnson, W.R. Weeks. Hayward. 
250 |a 4a edición 
264 4 |a Chicago, EUA :  |b American Technical Society,  |c 1956, c1956 
300 |a 454 p. 
336 |a texto  |b txt  |2 rdacontenido 
337 |a sin mediación  |b n  |2 rdamedio 
338 |a volumen  |b nc  |2 rdasoporte 
649 |a XX 
650 |a Aleaciones 
650 |a Metales 
650 |a Metalurgia 
650 |a Ingeniería Química 
650 |a Industria Siderúrgica y Metalúrgica 
700 |a Weeks, William R. 
910 |a Fondo General 
920 |a Impresos - Libros 
930 |a Colección General 
905 |a 101 
901 |a 0500024578  |b IT1  |c ACC  |u 20250521 
902 |a https://opac.biblio.iteso.mx/vufind/Record/000068594